The California Column in New Mexico /

Bibliographic Details
Main Author: Miller, Darlis A., 1939-
Corporate Author: Historical Society of New Mexico
Format: Book
Language:English
Published: Albuquerque : University of New Mexico Press, [1982]
Edition:1st ed.
Subjects:

MARC

Tag First Indicator Second Indicator Subfields
LEADER 00000pam a2200000 a 4500
001 in00000328721
005 20151010162355.0
008 820624s1982 nmuabf b s00110ceng
010 |a  82010943  
020 |a 0826306373 :  |c $19.95 
020 |a 0826306381 (pbk.) :  |c $9.95 
035 |a (OCoLC)08627396 
035 |9 ABJ6374AM 
039 0 |a 2  |b 3  |c 3  |d 3  |e 3 
040 |a DLC  |c DLC  |d TXA  |d UtOrBLW 
043 |a n-us-nm  |a n-us-ca 
049 |a TXAM  |c [1273445] 
050 0 0 |a F801  |b  M47 1982 
082 0 |a 978.9/04  |2 19 
100 1 |a Miller, Darlis A.,  |d 1939- 
245 1 4 |a The California Column in New Mexico /  |c Darlis A. Miller. 
250 |a 1st ed. 
264 1 |a Albuquerque :  |b University of New Mexico Press,  |c [1982] 
264 4 |c ©1982 
300 |a xvi, 318 pages, 2 unnumbered pages of plates :  |b illustrations, maps ;  |c 22 cm. 
336 |a text  |b txt  |2 rdacontent 
337 |a unmediated  |b n  |2 rdamedia 
338 |a volume  |b nc  |2 rdacarrier 
500 |a Originally presented as the author's thesis (Ph. D.--University of New Mexico) 
500 |a "Published in cooperation with the Historical Society of New Mexico." 
500 |a Includes index. 
504 |a Bibliography: pages 291-305. 
610 1 0 |a United States.  |b Army.  |b California Column  |x Biography. 
610 1 0 |a United States.  |b Army.  |b California Column  |x History. 
650 0 |a Soldiers  |z New Mexico  |x Biography. 
651 0 |a New Mexico  |x History  |y 1848-  |x Biography. 
651 0 |a New Mexico  |v Biography. 
710 2 |a Historical Society of New Mexico. 
999 |a MARS 
999 f f |s 920240fa-d376-3cd8-bfc2-5638e4f1b0b3  |i 694697b7-5cff-34b6-ae9b-f74525979e7f  |t 0 
952 f f |p ric  |a Texas A&M University  |b Rellis Campus  |c Joint Library Facility  |d Remote Storage  |t 0  |e F801 M47 1982  |h Library of Congress classification  |i unmediated -- volume  |m A14806497600 
998 f f |a F801 M47 1982  |t 0  |l Remote Storage